Bandiere dei Paesi ma con la Macedonia del Nord - Statistics

Statistiche generali
  • Questo quiz è stato fatto 22 volte
  • Il punteggio medio è 14 su 16
Statistiche sulle risposte
con Immagini Risposta % Corretto
India
100%
Iran
100%
Egitto
94%
El Salvador
94%
Laos
94%
Maldive
94%
Etiopia
89%
Kirghizistan
89%
Lesotho
89%
Niger
89%
Paraguay
89%
Uganda
89%
Burkina Faso
83%
Honduras
83%
Tagikistan
83%
Haiti
78%
Nessun quiz corrispondente trovato
Distribuzione punteggi
Percentuale di utenti per punteggio
Percentile per numero di risposta
I tuoi punteggi nel tempo
Non hai fatto questo quiz